Journal of Geodesy (Record no. 118568)

MARC details
000 -LEADER
fixed length control field 00599cas a22002175a 4500
001 - CONTROL NUMBER
control field L261
008 - FIXED-LENGTH DATA ELEMENTS--GENERAL INFORMATION
fixed length control field 070621c1995 gw mr p 0 a0eng
022 ## - INTERNATIONAL STANDARD SERIAL NUMBER
International Standard Serial Number 0949-7714
035 ## - SYSTEM CONTROL NUMBER
System control number (Sirsi) u98898
041 ## - LANGUAGE CODE
Language code of text/sound track or separate title eng
245 ## - TITLE STATEMENT
Title Journal of Geodesy
260 ## - PUBLICATION, DISTRIBUTION, ETC.
Place of publication, distribution, etc. Berlin
Name of publisher, distributor, etc. Springer-Verlag
Date of publication, distribution, etc. 1995-
362 0# - DATES OF PUBLICATION AND/OR SEQUENTIAL DESIGNATION
Dates of publication and/or sequential designation 70(1/2) November 1995-76(11/12) March 2003
554 ## -
-- 12 per year
651 #4 - SUBJECT ADDED ENTRY--GEOGRAPHIC NAME
Geographic name International
690 ## - LOCAL SUBJECT ADDED ENTRY--TOPICAL TERM (OCLC, RLIN)
Topical term or geographic name as entry element ENVIRONMENTAL AND LAND CONSULTANCY-GEOMATICS-LAND SURVEYING
780 00 - PRECEDING ENTRY
Title Manuscripta Geodaetica
780 00 - PRECEDING ENTRY
Title Bulletin Geodesique
942 ## - ADDED ENTRY ELEMENTS (KOHA)
Suppress in OPAC 0
948 ## - LOCAL PROCESSING INFORMATION (OCLC); SERIES PART DESIGNATOR (RLIN)
c (OCLC) 17/08/1994
Holdings
Withdrawn status Lost status Source of classification or shelving scheme Damaged status Not for loan Home library Current library Shelving location Date acquired Total Checkouts Full call number Barcode Date last seen Price effective from Koha item type
    Other/Generic Classification Scheme     London London Basement 27/10/2004   JOURNAL OF GEODESY 98898-1001 06/08/2019 06/08/2019 Journal